01182nam a2200301Ia 4500001000700000008004100007020002200048035001600070041000800086084001300094100003300107245015200140260009700292300005000389650003200439650001600471700002700487710010000514710005500614901000600669903000700675904000800682953003700690999001700727910000900744942001500753952011200768027989221003s2009 xx 000 0 eng d a978-92-897-0846-3 aCENDO_18961 aeng aCD-10017 aPEÑA-CASAS, Ramón918918 0aConvergence and divergence of working conditions in Europe :b1990-2005 /c[Ramón Peña-Casas and Philippe Pochet ; European Social Observatory] aLuxemburg :bEuropean Foundation for the Improvement of Living and Working Conditions,c2009 aX, 107 p. : bil. , tab. , gráf. ;c 30 cm aCONDICIONES DE TRABAJO9128 0aEUROPA9139 aPOCHET, Philippe94799 aFUNDACION EUROPEA PARA LA MEJORA DE LAS CONDICIONES DE VIDA Y DE TRABAJOcDublín,eed.913664 aOBSERVTORIO SOCIAL EUROPEOcBruselas,ecol.918919 a1 aNO a000 d2010-07-20yMONOGRAFIAoCD-10017 c18960d18960 a2009 cMONOGRAFIA 00104070aCENDObCENDOd2010-07-20l0oCD-10017pCENDO_18961r2022-10-05 00:00:00w2022-10-05yMONOGRAFIA